Music Quiz

Random Music or Artist Quiz

Song by Opening Lyrics (2000s) Quiz Stats

 Plays Quiz Updated Apr 27, 2015

Score 0/30 Timer 08:00
6 Plays Today
Opening Lyrics Song % Correct
What you gon' do with all that junk? All that junk inside your trunk?My Humps
76.1%
Shorty had them apple bottom jeans, boots with the fur. The whole club lookin' at her.Low
74.9%
You change your mind like a girl changes clothes. Yeah, you PMS like a b****. I would know.Hot N Cold
72.8%
His palms are sweaty. Knees weak, arms are heavy. There's vomit on his sweater already - Mom's spaghetti.Lose Yourself
72.6%
Here's the thing. We started out friends. It was cool, but it was all pretend. Yeah, yeah.Since U Been Gone
70.6%
Chill out. Whatcha yelling for? Lay back. It's all been done before.Complicated
69.3%
I hopped off the plane at LAX with a dream and my cardigan. Welcome to the land of fame excess. Am I gonna fit in?Party in the U.S.A.
68.7%
My life is brilliant. My love is pure. I saw an angel. Of that I'm sure. She smiled at me on the subway. She was with another man.You're Beautiful
66%
I fly like paper, get high like planes. If you catch me at the border, I got visas in my name.Paper Planes
54.8%
Where is the moment we needed the most? You kick up the leaves and the magic is lost.Bad Day
54.6%
When you try your best but you don't succeed. When you get what you want but not what you need. When you feel so tired but you can't sleep, stuck in reverse.Fix You
51.5%
You're on the phone with your girlfriend. She's upset. She's going off about something that you said, 'cause she doesn't get your humor like I do.You Belong With Me
50%
Would you dance if I asked you to dance? Would you run and never look back?Hero
47.7%
Step one: you say, 'we need to talk.' He walks. You say, 'sit down, it's just a talk.'How to Save a Life
47.3%
My baby don't mess around because she loves me so and this I know for sure. But does she really wanna, but can't stand to see me walk out the door?Hey Ya!
42.1%
Opening Lyrics Song % Correct
Debbie just hit the wall. She never had it all. One Prozac a day. Husband's a CPA.1985
39%
I've been roaming around. I was looking down at all I see. Painted faces fill the places I can't reach.Use Somebody
38.9%
I've had a little bit too much, much. All of the people start to rush, start to rush by. How does he twist the dance? Can't find a drink, oh man.Just Dance
38%
Now that you're out of my life, I'm doing better. You thought that I'd be weak without you, but I'm stronger. You thought that I'd be broke without you, but I'm richer.Survivor
37.3%
You have my heart and we'll never be worlds apart. Maybe in magazines, but you'll still be my star.Umbrella
35.8%
When I was a young boy, my father took me into the city to see a marching band. He said, 'son, when you grow up, would you be the savior of the broken, the beaten, and the damned?'Welcome to the Black Parade
34.8%
I'm happy. I'm feelin' glad. I got sunshine in a bag. I'm useless, but not for long. The future is coming on.Clint Eastwood
34.3%
Her face is a map of the world, is a map of the world. You can see she's a beautiful girl, she's a beautiful girl. And everything around her is a silver pool of light.Suddenly I See
33.3%
Let me know that I've done wrong when I've known this all along, I go around a time or two just to waste my time with you.Dirty Little Secret
33%
She was driving last Friday on the way to Cincinnati on a snow white Christmas Eve. Going home to see her Mama and her Daddy with her baby in the backseat.Jesus Take the Wheel
32.1%
This is 10% luck, 20% skill, 15% concentrated power of will, 5% pleasure, 50% pain.Remember the Name
30.5%
The smell of your skin lingers on me now. You're probably on your flight back to your hometown.Big Girls Don't Cry (Personal)
28.6%
Where I come from isn't all that great. My automobile is a piece of crap. My fashion sense is a little whack and my friends are just as screwy as me.Beverly Hills
27.8%
Well I took a walk around the world to ease my troubled mind. I left my body lying somewhere in the sands of time.Kryptonite
26.5%
Desperate for changing. Starving for truth. I'm closer to where I started. I'm chasing after you.Hanging by a Moment
20.8%

You're not logged in!

Compare scores with friends on all Sporcle quizzes.
OR
Log In

Sporcle TV

Today on Sporcle TV


Watch our educational content, quiz creation guides, and fun videos on Sporcle TV.

Show Comments

Extras

Top Quizzes Today


Score Distribution

Your Account Isn't Verified!

In order to create a playlist on Sporcle, you need to verify the email address you used during registration. Go to your Sporcle Settings to finish the process.

Report this User

Report this user for behavior that violates our Community Guidelines.

Details: